The pleasure principle : (Record no. 143912)

MARC details
000 -LEADER
fixed length control field 00547nam a22001817a 4500
005 - DATE AND TIME OF LATEST TRANSACTION
control field 20170830111215.0
010 ## - LCCN (DPL NO)
LC control number ENG-120189
020 ## - INTERNATIONAL STANDARD BOOK NUMBER
International Standard Book Number 9789381506806
Terms of availability 350.00
035 ## - SYSTEM CONTROL NUMBER
System control number EN-103721
037 ## - SOURCE OF ACQUISITION
Source of stock number/acquisition DBAD/PUB
082 ## - DEWEY DECIMAL CLASSIFICATION NUMBER
Classification number S
245 ## - TITLE STATEMENT
Title The pleasure principle :
Remainder of title the amaryllis book of erotic stories /
Statement of responsibility, etc edited by G. Sampath
260 ## - PUBLICATION, DISTRIBUTION, ETC. (IMPRINT)
Place of publication, distribution, etc New Delhi
Name of publisher, distributor, etc Amaryllis
Date of publication, distribution, etc 2016
270 ## - ADDRESS
Address 7/32, Ground Floor, Ansari Road, Daryaganj
City New Delhi
Postal code 110002
300 ## - PHYSICAL DESCRIPTION
Extent xiv, 216p.
Dimensions 21cm(pbk)
700 ## - ADDED ENTRY--PERSONAL NAME
Personal name Sampath, S
942 ## - ADDED ENTRY ELEMENTS (KOHA)
Source of classification or shelving scheme Dewey Decimal Classification
Item type English Books
Classification part S
Call number suffix THE
Holdings
Withdrawn status Lost status Not for loan Collection code Home library Current library Date acquired Source of acquisition Cost, normal purchase price Full call number Barcode Copy number Cost, replacement price Koha item type
      Fiction Narela Narela 30/08/2017 DBAD/PUB 350.00 S THE EN-103721 1 350.00 English Books

© Delhi Public Library
Hit Counter
free hit counter